[Event "Hoogovens"]
[Site "Wijk aan Zee"]
[Date "1999.01.16"]
[Round "1"]
[White "Shirov, Alexei"]
[Black "Kasimdzhanov, Rustam"]
[Result "1/2-1/2"]
[WhiteElo "2726"]
[BlackElo "2595"]
[Annotator "Ribli,Z"]
[PlyCount "47"]
[EventDate "1999.01.16"]
[EventType "tourn"]
[EventRounds "13"]
[EventCountry "NED"]
[EventCategory "17"]
[SourceTitle "CBM 069"]
[Source "ChessBase"]
[SourceDate "1999.04.01"]
[SourceVersion "1"]
[SourceVersionDate "1999.04.01"]
[SourceQuality "1"]

1. e4 c5 2. Nf3 e6 3. d4 cxd4 4. Nxd4 Nc6 5. Nc3 {Als Angriffsspieler
vermeidet Shirov natürlich die positionelle Fortsetzung 5.Nb5. Ribli.} Qc7 6.
Be2 a6 7. O-O Nf6 8. Be3 Bb4 {Schwarz kann auch 8...Be7 spielen und so in die
Scheveninger Variante übergehen.} 9. Na4 Be7 {Die andere Hauptmöglichkeit für
Schwarz wäre 9...0-0, aber auch dann kann Weiß mit 10.c4 fortsetzen.} 10. c4 {
Weiß opfert einen Bauern für positionellen Druck am Damenflügel.} Nxe4 11. c5
O-O 12. Rc1 {[%csl Rc8][%cal Gc1c8] Es ist für Schwarz nicht einfach, den
Damenflügel zu entwickeln. Besonders mit dem Damenläufer hat er Probleme.} Rb8
$5 (12... Rd8 13. Qb3 $5 Rb8 14. Rfd1 d5 15. cxd6 Bxd6 16. Bf3 $1 Nxd4 17. Rxd4
Bxh2+ $8 18. Kf1 Qxc1+ 19. Bxc1 Rxd4 20. Bxe4 $16 {Shirov,A-Leko,P/Frankfurt 
(rapid) 1996/Inf 67/[Shirov,A] (20)}) (12... f5 13. f4 d5 (13... Rb8) 14. cxd6
Bxd6 15. Qb3 Nxd4 16. Bxd4 Qe7 17. Nb6 Rb8 18. Be3 Bd7 19. Bc4 Rfe8 20. Rfd1 (
20. Bd3 $15) (20. Nxd7 Qxd7 21. Rfd1 Qe7 $17) 20... Bc6 21. Bxa6 Nc5 22. Qa3
bxa6 23. Nc4 Nb3 24. Nxd6 Nxc1 25. Rxc1 $15) 13. g3 {[%cal Ge3f4,Gf4b8]} (13.
Re1 f5 14. g3 f4 15. gxf4 Rxf4 16. Nxc6 bxc6 17. Bxf4 Qxf4 18. Bf3 Nxf2 19.
Kxf2 Bh4+ 20. Kg2 Bxe1 21. Qxe1 Qxa4 22. Qe5 d6 23. Qxd6 Rxb2+ 24. Kh1 Qh4 25.
Rg1 g6 26. Bxc6 Rxa2 27. Rd1 Rf2 28. Ba8 Bd7 29. Qb8+ Rf8 30. Qe5 Qg4 {0-1
Valiente,C-Cummings,D/Erevan 1996/EXT 97 (47)}) (13. Bf3 Ng5 14. Be2 f5 15. f4
Ne4 16. Bf3 d5 17. cxd6 Bxd6 18. Bxe4 fxe4 19. Nxc6 bxc6 20. Rc4 e5 21. fxe5
Rxf1+ 22. Qxf1 Bxe5 23. Rxe4 Be6 {0-1 Mastrovasilis,D-Miladinovic,I/Porto
Carras 1998/EXT 99 (31)}) 13... Nf6 (13... Kh8 14. Bf3 f5 15. Bxe4 fxe4 16. Qc2
$6 (16. Qg4 $5 $14) 16... e5 17. Nb3 d5 18. cxd6 Qxd6 19. Bc5 Qf6 20. Qe2 Bh3
21. Rfe1 Nd4 22. Nxd4 exd4 23. Bxe7 Qxe7 24. Qxe4 Qf7 {0-1 Agnos,D-Miladinovic,
I/Poros 1998/EXT 99 (32)}) (13... f5 14. Bf4 e5 15. Nxf5 exf4 16. Qd5+ Kh8 17.
Nxe7 Nxe7 18. Qxe4 d5 19. cxd6 Qxd6 20. Rfd1 Qf6 21. Qd4 Qg5 $5 $11) 14. Bf3
$44 {Weiß entfaltet starken positionellen Druck am Damenflügel, hat aber noch
keine Drohungen.} g6 {[%cal Re6e5] Schwarz bereitet ...e6-e5 vor und
verteidigt sich gegen Nf5.} 15. Nb6 {[%csl Gb6]} Rd8 {Sofort ...d7-d5 geht
noch nicht, denn es hängt c6. Daher macht Schwarz zuerst einen
Vorbereitungszug.} 16. Qa4 {[%cal Ga4c6]} e5 17. Nb3 d5 18. cxd6 Rxd6 19. Na5
e4 $1 $146 {[%mdl 12] [#]Eine starke Neuerung des jungen Bulgaren. Schwarz
gibt das Material zurück und hat mit dem Läuferpaar gleiche Chancen.} (19...
Bh3 20. Rfe1 Re6 (20... e4 $5) 21. Bxc6 bxc6 22. Rxc6 Rxc6 23. Nxc6 Qb7 24. Rc1
Bd8 25. Qh4 Bxb6 26. Bxb6 Nd5 27. Qxh3 Rc8 28. Qxc8+ Qxc8 29. Ne7+ Nxe7 30.
Rxc8+ Nxc8 31. Bc5 {1-0 Agnos,D-Halkias,S/Poros 1998/EXT 99 (67)}) 20. Bxe4 {
Weiß hat nicht mehr als Ausgleich.} Nxe4 21. Qxe4 Bh3 $11 22. Rfe1 $8 (22. Rfd1
$2 Rxd1+ 23. Rxd1 Rd8 $1 (23... Nxa5 $2 24. Nd5 $18 {[%cal Rd5e7,Rd5c7]} Rd8
25. Qxe7) 24. Rc1 Nxa5 25. Rxc7 Rd1#) 22... Re6 23. Qf4 (23. Qf3 Bb4 $11 (23...
Ne5 $11)) 23... Qxf4 24. Bxf4 (24. Bxf4 Rd8 25. Rxe6 Bxe6 26. Nxc6 bxc6 27.
Rxc6 Bxa2 $11) 1/2-1/2

[Event "Buenos Aires Sicilian"]
[Site "Buenos Aires"]
[Date "1994.10.19"]
[Round "6"]
[White "Shirov, Alexei"]
[Black "Karpov, Anatoly"]
[Result "1/2-1/2"]
[WhiteElo "2740"]
[BlackElo "2780"]
[Annotator "Ribli,Z"]
[PlyCount "73"]
[EventDate "1994.10.12"]
[EventType "tourn"]
[EventRounds "14"]
[EventCountry "ARG"]
[EventCategory "18"]
[SourceTitle "CBM 044"]
[Source "ChessBase"]
[SourceDate "1995.02.01"]
[SourceVersion "1"]
[SourceVersionDate "1995.02.01"]
[SourceQuality "1"]

1. e4 {Horvath,T} c5 2. Nf3 e6 3. d4 cxd4 4. Nxd4 Nc6 5. Nc3 Qc7 6. Be2 a6 7.
O-O Nf6 8. Be3 Bb4 9. Na4 Be7 (9... d5 $6 {Horvath,T} 10. Nxc6 bxc6 11. exd5 (
11. Nb6 Rb8 12. Nxc8 Qxc8 13. exd5 cxd5 14. c3 Be7 15. Qa4+ $16) 11... Nxd5 12.
Bd4 c5 13. c3 cxd4 14. cxb4 e5 15. Bf3 Be6 16. Nc5 $16 {Anand-Karpov/Buenos
Aires/1994}) 10. Nxc6 bxc6 11. Nb6 Rb8 12. Nxc8 Qxc8 13. e5 Nd5 14. Bc1 Bc5 15.
c4 Ne7 16. b3 Qc7 17. Bb2 O-O (17... d6 $5 18. exd6 Bxd6 19. Qd4 c5 $1 (19...
Nf5 20. Qe4 Bxh2+ 21. Kh1 h5 22. Rad1 Bd6 23. c5 $1 $18 {Matulovic,M-Portisch,
L/Sousse izt/1967/INF04,461/}) 20. Qe4 (20. Qxg7 Bxh2+ 21. Kh1 Rg8 22. Qxh7 Be5
$1 $44) 20... Ng6 21. g3 Be5 22. Bxe5 Qxe5 23. Qc6+ Ke7 24. Bd3 Qd6 $10 {
Jovicevic,B-Miladinovic,I/Yugoslavia/1994/}) (17... Ng6 18. Qd3 O-O 19. Qe4 d6
20. exd6 Bxd6 21. g3 Rfd8 22. Rad1 Qa5 23. Qxc6 Qxa2 24. Rxd6 Qxb2 25. Rfd1 Rf8
$10 {Kamsky,G-Illescas Cordoba,M/Madrid/1994/CBM42/INF60,194/}) (17... Ng6 $5 {
Horvath,T Kamsky-Illescas/CBM 42/}) 18. Kh1 (18. Bd3 Ng6 (18... Rbd8 {Horvath,T
} 19. Qe1 $1 d6 20. Rd1 dxe5 21. Qxe5 Qxe5 22. Bxe5 $14 {Yemelin-Tunik/Elista/
1994}) 19. Qh5 Rbd8 20. Kh1 d6 21. exd6 Bxd6 22. Rae1 Bb4 23. Re3 Qa5 $10 {
Lanka,Z-Franzoni,G/Luzern WchT/1993/CBM38/INF59,(209)/}) 18... Rfd8 (18... Ng6
19. f4 d6 (19... Rfd8 {Horvath,T} 20. Qc2 d6 {1/2:1/2 Hellers-Ribli/Tilburg/
1993}) 20. Bd3 Rfd8 21. Qh5 dxe5 22. Bxe5 Bd6 23. Bc3 Bxf4 24. Ba5 Qe5 25. Bxg6
hxg6 26. Qxe5 Bxe5 27. Rae1 Bd4 28. Bxd8 Rxd8 29. b4 e5 $13 {Wolter,K-Franzoni,
G/Biel op/1990/EXP19/}) 19. Qc2 (19. Bd3 d6 20. f4 dxe5 21. Bxe5 (21. fxe5 Ng6
$13) 21... Bd6 $10) 19... a5 20. Rad1 a4 21. Rd3 axb3 22. axb3 Ng6 23. f4 d6
24. exd6 (24. Rh3 $6 {Horvath,T} dxe5 25. Bxe5 Bd6 (25... Nxe5 $2 26. Qxh7+ Kf8
27. fxe5 Qxe5 28. Bh5 $16) 26. Bxd6 Qxd6 27. f5 Nf4 $1 28. fxe6 $2 Nxh3 29.
exf7+ Kh8 30. gxh3 Rf8 $17) 24... Rxd6 25. g3 Rxd3 26. Qxd3 Bf8 27. Qc3 c5 28.
Rf3 Ne7 29. Qe5 (29. Rd3 Nc6 30. Qd2 Nd4 $10) 29... Qc8 $1 30. Rd3 Nc6 31. Qe3
Qa6 32. Bf3 Nd4 $5 33. Bxd4 cxd4 34. Qxd4 g6 35. Kg2 Qa2+ 36. Rd2 Qa5 $1 (36...
Qxb3 37. c5 $1 $14) 37. Rd3 1/2-1/2

[Event "Capablanca Memorial Premier 33rd"]
[Site "Havana"]
[Date "1998.05.20"]
[Round "12"]
[White "Perez Garcia, Rodney Oscar"]
[Black "Teske, Henrik"]
[Result "0-1"]
[WhiteElo "2395"]
[BlackElo "2475"]
[Annotator "Ribli,Z"]
[PlyCount "81"]
[EventDate "1998.05.07"]
[EventType "tourn"]
[EventRounds "13"]
[EventCountry "CUB"]
[EventCategory "8"]
[SourceTitle "CBM 065"]
[Source "ChessBase"]
[SourceDate "1998.08.06"]
[SourceVersion "1"]
[SourceVersionDate "1998.08.06"]
[SourceQuality "1"]

1. e4 c5 2. Nf3 Nc6 3. d4 cxd4 4. Nxd4 Qc7 {Das ist eine interessante Zugfolge.
Schwarz vermeidet auf diese Weise Nb5-Varianten: 1.e4 c5 2.Nf3 e6 3.d4 cxd4 4.
Nxd4 Nc6 5.Nb5. Jetzt ist 5.Nb5 nicht so gefährlich, denn Schwarz kann 5...Qb8
ziehen. Ribli.} 5. Nc3 e6 6. Be2 a6 7. O-O Nf6 8. Be3 Bb4 9. Na4 O-O {Die alte
Fortsetzung. Schwarz opfert eigentlich einen Bauern (10.Nxc6 bxc6 11.Nb6 Rb8
12.Nxc8 Rfxc8 13.Bxa6), aber die Annahme des Opfers ist nicht gefährlich.} 10.
c4 {[%csl Rb4]} Bd6 (10... Nxe4 11. Bf3 f5 12. Bxe4 fxe4 13. c5 d6 14. Nxc6
bxc6 15. Qc2 $16 {[%csl Rb4,Re4]}) 11. f4 (11. g3 $1 Nxe4 12. Bf3 f5 (12... Nc5
13. Nxc5 Bxc5 14. Nxc6 Bxe3 15. Ne7+ Kh8 16. fxe3 Qc5 17. Nxc8 Qxe3+ 18. Kh1
Raxc8 19. Qd6 Kg8 20. Rac1 b5 21. c5 {1-0 David,A-Emms,J/Monarch Assurance,
Port Erin ENG 1997}) (12... Nf6 13. Bg2 Be7 14. c5 Nxd4 15. Qxd4 e5 $6 16. Qd2
Rb8 17. Rfd1 Ng4 18. Rac1 Nxe3 19. Qxe3 f5 20. Nb6 e4 $14 {Apicella,
M-Pogorelov,R/Andorra 1996}) 13. Bxe4 fxe4 14. c5 Be7 15. Qg4 $1 Qe5 16. Rfd1
h5 17. Qg6 $1 {1-0 Varavin,V-Al-Khateeb,A/Pardubice 1997 (44)}) (11. Nf3 Ng4
12. Bb6 Bxh2+ 13. Kh1 Qf4 14. g3 Bxg3 15. fxg3 Qxg3 $13) 11... Nxe4 (11... e5
$2 12. Nf5 $16 {[%csl Rd6,Gf5]} (12. Nxc6 dxc6 13. c5 Be7 14. Qc2 $14)) 12.
Nxc6 bxc6 (12... dxc6 $5 {In dieser Variante ist der gewöhnliche Zurückschlag
wie in der Partie 12...bxc6, aber die Alternative gefällt mir besser.}) 13. c5
{[%csl Yb6,Gc5,Rc8] Weiß hat einen Bauern weniger, aber sein positioneller
Druck am Damenflügel ist spürbar. Schwarz hat stets Probleme mit dem
Damenläufer.} (13. Bd3 Nf6 14. c5 Be7 15. Bd4 Rd8 (15... Nd5 16. Nb6 Nxb6 17.
Bxh7+ Kxh7 18. Qh5+ Kg8 19. Bxg7 f5 20. Qg6 {1-0 Busquets,L-Mortazavi,A/San
Mateo 1994}) 16. Rf3 Rb8 17. a3 Kf8 18. Qc2 d6 $132 {Timoshenko,G-Tregubov,P/
Alushta/1994/0|1/38/}) 13... Be7 14. Qc2 (14. Qd4 Nf6 15. Bf3 Nd5 16. Bd2 Bb7
17. Rac1 Rad8 18. f5 Bf6 19. Qf2 {0-1 Wang Zili-Khatanbaatar,B/Asia-chT 1995 
(30)}) (14. Bd3 d5 15. cxd6 Nxd6) 14... f5 (14... Nf6) 15. Nb6 $44 (15. Bf3 Nf6
{[%csl Yd5][%cal Gf6d5]} (15... Bf6 16. Bxe4 fxe4 17. Qxe4 {[%csl Rc8]} Rb8 18.
Rf2 (18. Bd4 $2 Rb4 $19 {[%csl Rd4][%cal Rb4e4,Rb4a4]}))) 15... Rb8 16. Rad1 (
16. Bf3 Bxc5 17. Bxc5 Nxc5 18. Nxc8 d6 19. Nxd6 Qxd6 20. Rfd1 Qe7 21. Rac1 $14)
(16. b4 d5 17. cxd6 Bxd6 18. Nxc8 Qxc8 19. a3 c5 $15) 16... Rd8 17. b4 a5 $5
$13 {Durch dieses zeitweilige Opfer befreit Schwarz seinen Damenflügel.} 18.
bxa5 (18. a3 axb4 19. axb4 d5 20. cxd6 (20. Bd4 Bf6 21. Bxf6 gxf6 $15 {[%csl
Ge4]}) 20... Bxd6 $15) 18... Qa7 {[%csl Ra5,Ga7,Rc5]} 19. Bf3 Qxa5 $15 {
[%csl Ra5,Gc5]} 20. Bxe4 fxe4 {[%csl Rc5,Yd3][%cal Gc8a6,Ga6f1] Schwarz droht
seinen einst schlechten Läufer nach d3 zu überführen.} 21. Nxc8 (21. Rf2 Ba6 {
[%cal Ra6d3]} 22. Qxe4 (22. Nxd7 Bd3 $19) 22... Bxc5 23. Bxc5 (23. Nxd7 Rxd7
24. Rxd7 Qe1+ $19) 23... Qxc5 24. Nxd7 Rxd7 $1 25. Qxe6+ (25. Rxd7 Qc1+ $19 {
[%csl Rg1]}) 25... Rf7 $19) (21. Nc4 Qa7 $17 {[%csl Gc5]}) 21... Rbxc8 {
Endlich hat Schwarz einen Mehrbauer und die Bauernschwächen e4 und c5 sind
beiderseitig.} 22. Rc1 (22. Qxe4 Bxc5 $17) 22... Ra8 {[%csl Ra2,Ga5,Ga8,Rc5,
Re4][%cal Ra8a2]} 23. Qxe4 (23. Rf2 Qa4 $17) 23... Qxa2 {Schwarz besitzt einen
Mehrbauern, aber die Verwertung des Vorteils ist ohne Freibauern noch nicht so
einfach.} 24. Rcd1 (24. f5 Qd5 25. Qxd5 exd5 $17 {[%csl Rc5]}) 24... Qa3 {
[%csl Rc5]} 25. f5 $6 (25. Rd3 Qa7 26. f5 $5 $15) 25... Bxc5 $17 26. Rd3 Qb4 (
26... Bxe3+ 27. Rxe3 exf5 28. Rxf5 Qd6 $17 {Weiß hat keinerlei Kompensation
für die beiden verlorenen Bauern.}) 27. Qe5 (27. Qxb4 Bxb4 28. Bg5 Bc5+ 29. Kh1
Rf8 30. Rxd7 Rxf5 $17 31. Rxf5 $2 Ra1+ $19) 27... Bxe3+ 28. Rxe3 Ra5 $2 {
Schwarz kompliziert das Spiel. Das einfache Schlagen auf f5 wäre viel
einfacher und besser.} (28... exf5 $5 29. Qxf5 Qd4 $17) 29. Qc7 Rf8 30. Qxd7
$15 (30. fxe6 $2 Rxf1+ 31. Kxf1 {Der weiße König steht allein im Sturm.} Rf5+ (
31... Qb5+ $19 {[%csl Rf1]}) (31... Qb1+ $19 {[%csl Rf1]}) 32. Ke2 Qc4+ {
[%csl Re2]} 33. Rd3 Qxe6+ $19) 30... exf5 31. Rg3 $2 {Ein grober Fehler.} (31.
Qxc6 Qd4 32. Qe6+ Kh8 33. Kh1 $15 {Es gibt keinen Freibauern und drei gegen
zwei am Königsflügel sind schwierig zu verwerten.}) 31... Qc5+ $17 32. Kh1 g6 {
Schwarz hat bereits zwei Mehrbauern und gute Gewinnchancen. Der c-Freibauer
ist eine potentielle Gefahr, aber Schwarz sichert zunächst seine
Königsstellung.} 33. Qe6+ Kg7 (33... Rf7 $17) 34. Rd3 Ra7 35. Rfd1 Re7 36. Rd7
Rff7 {Der Turmtausch ist für Schwarz vorteilhaft.} 37. Rxe7 Rxe7 {[%csl Gc5,
Gc6,Ge7]} 38. Qb3 Qe3 39. Qb4 (39. Qxe3 Rxe3 40. Rd7+ Kf6 $19 {[%cal Re3e1]})
39... c5 $19 {Der Freibauer entscheidet den Kampf.} 40. Qa5 c4 41. h3 {Weiß
gab in hoffnungsloser Stellung auf. Der c-Bauer ist kaum aufzuhalten.} (41. h3
c3 $19) 0-1

[Event "Corus"]
[Site "Wijk aan Zee"]
[Date "2003.01.14"]
[Round "3"]
[White "Polgar, Judit"]
[Black "Timman, Jan H"]
[Result "1-0"]
[WhiteElo "2700"]
[BlackElo "2594"]
[Annotator "Ribli,Z"]
[PlyCount "61"]
[EventDate "2003.01.11"]
[EventType "tourn"]
[EventRounds "13"]
[EventCountry "NED"]
[EventCategory "18"]
[SourceTitle "CBM 093"]
[Source "ChessBase"]
[SourceDate "2003.04.01"]
[SourceVersion "1"]
[SourceVersionDate "2003.04.01"]
[SourceQuality "1"]

1. e4 c5 2. Nf3 Nc6 3. d4 cxd4 4. Nxd4 e6 5. Nc3 a6 {Diese Zugfolge ist
heutzutage weniger gespielt, der Zug 5...Qc7 ist gewoenlicher.} 6. Be2 {
Eine kleine Ueberraschung fuer Timman - in der letzten Zeit Judit spielte die
Variante 6.Be3 Qc7 7.Qd2 (es ist wahr, dass in der Zugfolge 5...Qc7 6.Be3 a6 7.
Qd2).} Qc7 7. O-O Nf6 8. Be3 {Das ist die klassische Variante, wonach Schwarz
zwischen 8...d6, mit Uebergang zur Scheweninger Variante, und der
Partiefortsetzung wählen kann, was selbstständige Bedeutung hat.} Bb4 9. Na4
Be7 {Dieser Läuferzug scheint mir logischer, als die früher gespielte
Fortsetzung 9...0-0.Der Läufer muss früher oder spaeter von b4 weichen.} 10.
Nxc6 bxc6 11. Nb6 Rb8 12. Nxc8 Qxc8 13. Bd4 {Heutzutage ist dieser Läuferzug
in Mode - die alte Hauptvariante 13.e5 Nd5 14.Bc1 Bc5 15.c4 ist seltener Gast
in moderne Turnierpraxis. Es ist interessant zu bemerken, dass Judit früher
oft selbst diese Variante mit Schwarz gespielt hat.} d5 {Auf den ersten Blick
ist dieser Zug weniger logisch, weil Schwarz die Stellung öffnet, obwohl der
Gegner das Läuferpaar hat. Andererseits mobilisiert Schwarz seine
Bauernmehrheit im Zentrum.} (13... c5 14. Be5 Rb6 15. Qd3 d6 16. Bc3 O-O 17. b3
Qc6 18. f3 Rc8 19. Kh1 Qb7 20. Rad1 c4 21. bxc4 Nd7 22. f4 Nc5 23. Qd4 e5 24.
fxe5 dxe5 25. Qxe5 Bf6 26. Qf5 g6 27. Qh3 {1/2-1/2 Grischuk,A-Polgar,J/Bled
2002/EXT 2003 (27)}) 14. exd5 (14. Qd3 a5 15. Be5 Nxe4 16. Bxg7 (16. Bxb8 Qxb8
$44) 16... Rg8 17. Be5 Bd6 18. Bxd6 Nxd6 19. b3 Ne4 20. c4 Qd8 21. Bf3 Ng5 22.
g3 Nxf3+ 23. Qxf3 Kf8 24. Rac1 Rg6 $1 {1/2-1/2 Lutz,C-Andersson,U/Leon 2001/
CBM 86/[Ribli] (37)}) 14... cxd5 15. c4 O-O (15... dxc4 16. Qa4+ (16. Rc1 $5 {
[%cal Gc1c8]}) 16... Qd7 17. Qxd7+ Nxd7 18. Bxc4 Bf6 19. Bxf6 gxf6 $1 20. Bxa6
Nc5 $1 21. Bc4 Rxb2 22. a4 O-O 23. a5 Ra8 24. Rfc1 {1/2-1/2 Dolmatov,S-Tunik,G/
Ekaterinburg 2002/CBM 90/[Ribli] (40)}) 16. Rc1 {[%mdl 4]} (16. Be5 Rb6 17. Qd4
Bc5 18. Qh4 Ne4 19. Bd3 f5 20. Bxe4 fxe4 21. Rad1 Rb7 22. Qg4 Rf5 {0-1
Gallagher,J-Iuldachev,S/Sangli 2000/EXT 2001 (30)}) 16... dxc4 17. Rxc4 $14 {
[%csl Gd4,Ge2] Das Läuferpaar verschafft Weiß einen kleinen Positionsvorteil.
Der schwarze Pa6 stellt eine ernste Schwäche dar, aber immerhin nimmt der
Springer auf d5 ein gutes Feld ein.} (17. Bxc4 Rd8 $132 {[%cal Gd8d1]}) 17...
Qb7 18. Qc2 Nd5 19. b3 Rfd8 20. Qb2 Nb6 (20... Bf8 21. Rfc1 $14) (20... Bf6 $5
21. Bxf6 Nxf6 22. Rfc1 Rd7 $14) 21. Rc2 Na4 {[%mdl 2048] Schwarz hat aktives
Figurenspiel und einige taktische Drohungen.} (21... Qe4 $5 22. Rd2 (22. Bxg7
$2 Ba3 $1 23. Qc3 Rbc8 24. Bc4 Nd5 25. Qg3 Qxc2 26. Bd3 (26. Bb2+ Qg6 27. Bxa3
Qxg3 28. hxg3 Nb6 $17) 26... Qxd3 27. Qxd3 Kxg7 $17) (22. Be3 Bf6 $132)) 22.
Qa1 (22. bxa4 $6 Qe4 23. Bb6 Rxb6 24. Qxb6 Qxc2 $11) 22... Qe4 23. Rd2 Bc5 (
23... Bf6 $2 24. Bxf6 Rxd2 25. Bf3 Qg6 26. Be5 $16) (23... Nc5 $5) (23... Bb4
$5) 24. Bxc5 (24. Bf3 $2 Bxd4 25. Bxe4 (25. Rfd1 $2 Bxf2+ $17) 25... Bxa1 26.
Rxd8+ Rxd8 27. Rxa1 (27. bxa4 Be5 $15) 27... Nc3 28. Bb7 a5 $15) 24... Nxc5 $6
(24... Rxd2 25. Bf3 Qc2 26. Ba7 Rc8 27. bxa4 Qxa2 28. Qe5 Qxa4 $132) 25. Qc3
Rxd2 (25... Rdc8 26. Rc1 $36 {[%cal Gc1c8]}) 26. Qxd2 g6 $6 (26... Qa8 27. Qe3
Nd7 $2 28. Bf3 $18 {[%csl Ra8][%cal Rf3a8]}) (26... Qe5 27. Rc1 $16 {[%csl Ra6,
Rc5][%cal Gd2e3,Ge3e5,Ge2a6]}) (26... Qb7 27. Rc1 Ne4 28. Qf4 Rf8 (28... Nf6
29. Bxa6 $18) 29. Qc7 $16 {[%csl Ra6][%cal Re2a6]}) 27. Rc1 {[%csl Rc5][%cal
Rc1c5]} Qe5 $2 {Dieser Zug verliert eine Figur, aber guter Rat war schon teuer.
} (27... Nb7 28. Bxa6 $16) 28. f4 $18 Qf5 (28... Ne4 29. fxe5 Nxd2 30. Kf2 {
[%csl Ra6,Rd2][%cal Rf2e3,Re3d2]} f5 31. Bxa6 Ra8 32. Rc6 $18) 29. Qd6 Rc8 30.
b4 (30. Bxa6 Qe4 31. Qe5 $18) 30... Qe4 31. Qd2 1-0

[Event "Olympiad-36"]
[Site "Mallorca"]
[Date "2004.10.16"]
[Round "2"]
[White "Sadvakasov, Darmen"]
[Black "Delchev, Aleksander"]
[Result "0-1"]
[WhiteElo "2631"]
[BlackElo "2601"]
[Annotator "Ribli,Z"]
[PlyCount "86"]
[EventDate "2004.10.15"]
[EventType "team-swiss"]
[EventRounds "14"]
[EventCountry "ESP"]
[SourceTitle "CBM 104"]
[Source "ChessBase"]
[SourceDate "2005.01.27"]
[SourceVersion "1"]
[SourceVersionDate "2005.01.27"]
[SourceQuality "1"]
[WhiteTeam "Kazakhstan"]
[BlackTeam "Bulgaria"]
[WhiteTeamCountry "KAZ"]
[BlackTeamCountry "BUL"]

1. e4 c5 2. Nf3 e6 3. d4 cxd4 4. Nxd4 Nc6 5. Nc3 Qc7 6. Be2 a6 7. O-O Nf6 8.
Be3 Bb4 9. Na4 Be7 {Nach dem Springerzug 9.Na4 steht der Läufer überflüssig
auf b4, so muss er früher oder später zurückgehen. Heutzutage ist dieser
Läuferzug die theoretische Hauptvariante, früher war es 9...0-0.} (9... Bd6 10.
g3 b5 11. Nb6 Rb8 12. Nxc8 Rxc8 13. a4 Nxd4 14. Bxd4 e5 15. Be3 Bc5 16. Qd3 Qb7
{[%cal Gb7e4]} 17. axb5 axb5 18. Ra5 $6 Bxe3 19. Qxe3 Qxe4 20. Qxe4 Nxe4 21.
Rxb5 f6 $11 {1/2-1/2 Sadvakasov,D-Liang Jinrong/Calcutta 2001/CBM 85/[Ribli] 
(64)}) 10. Nxc6 {Früher spielte man 10.c4, aber nach 10...Nxe4 ist es fraglich,
ob Weiß ausreichende Kompensation hat, die schwarzen Chancen sind nicht
schlechter.} bxc6 11. Nb6 Rb8 12. Nxc8 Qxc8 13. Bd4 {Auf diese Weise hält Weiß
die Spannung in der Stellung. Das ist die moderne und beste Fortsetzung für
Weiß, weniger populär (aber spielbar) ist die alte Fortsetzung 13.e5.} c5 14.
Be5 Rb6 15. Qd3 (15. b3 Nxe4 16. Bxg7 Rg8 17. Be5 Bd6 18. Bg3 Nxg3 19. fxg3 f5
20. Bc4 {[%csl Gc4]} Be5 21. Qh5+ Kd8 22. Rae1 Bd4+ 23. Kh1 Kc7 24. Rf3 Qf8 25.
c3 Bf6 26. Rfe3 Qg7 (26... Bg5 $5 27. R3e2 Bf6) 27. Qf3 Rc8 28. Rd1 Kb8 29. h3
d5 $6 (29... Rcc6 $13) 30. Bxd5 $1 {1-0 Sadvakasov,D-Neverov,V/Moscow 2004/CBM
100/[Ribli] (39)}) 15... d6 (15... Qc6) 16. Bc3 O-O {Großmeister Delchev
spielt diese Variante gern mit Schwarz.} 17. Qg3 $146 {Eine Neuerung, die mir
aber weniger stark erscheint als die traditionelle Fortsetzung 17.b3.} (17. b3
d5 18. e5 Nd7 19. f4 f5 (19... c4 $5) 20. Qh3 c4 21. bxc4 Qc5+ 22. Kh1 d4 23.
Rad1 dxc3 24. Rxd7 Rfb8 25. Qxc3 Rb1 26. Rdd1 Rxd1 27. Rxd1 {1-0 Almasi,
Z-Delchev,A/Pula 2001/CBM 84 ext (61)}) 17... Qc6 18. Rfe1 $6 {Weiß opfert
einen Bauern, aber ich bin gar nicht sicher, ob dieses Opfer ganz korrekt ist.}
(18. f3 d5 $11) (18. Bf3 $5 e5 19. Rfe1 c4 $11) 18... Qxe4 19. Bxa6 (19. Bd3
Qg4 $17) 19... Qxc2 20. Bd3 Qa4 $15 {Die weißen Figuren sind gegen den
schwarzen König gerichtet, aber die schwarze Stellung ist fest; jetzt droht 21.
..Qg4 mit Damentausch.} 21. Re4 {[%cal Re4a4,Ge4h4] Der Turm kommt mit Tempo
ins Spiel. Natürlich geht 21...Nxe4?? nicht wegen 22.Qxg7#.} Qc6 (21... Qa8 $15
) 22. Rh4 e5 23. Re1 g6 $1 {[%csl Rc3,Rd3][%mdl 256] In den letzten zwei Zügen
verteidigte sich Schwarz gegen das Läuferpaar, 22...e5 schränkte den c3-Läufer
ein, der Textzug 23...g6 den d3-Läufer.} 24. Rh6 Re8 {[%cal Ge7f8,Gf8h6]
Schwarz bereitet 25...Bf8 vor.} 25. f4 {Weiß möchte die Stellung öffnen, aber
Schwarz verteidigt sich leicht.} Bf8 (25... e4 $5) 26. Rh3 (26. Rh4 exf4 27.
Qxf4 Rxe1+ 28. Bxe1 Rxb2 $19) 26... exf4 (26... e4 27. Bxf6 exd3 28. Rxe8 Qxe8
29. Qh4 h6 30. Rxd3 d5 $17) 27. Qxf4 Rxe1+ 28. Bxe1 Rxb2 $17 {Droht 29...Qg2#.}
29. Rf3 Qe8 30. Qc1 (30. Bc3 Nd5 31. Qc1 Rxa2 $19) (30. Qxf6 Qxe1+ 31. Rf1 Qe3+
32. Kh1 Rb7 33. Bc4 Qe7 34. Qf3 Bg7 $17 {Es gibt ungleichfarbige Läufer auf
dem Brett, aber Schwarz hat zwei Bauern mehr, was früher oder später eine
Rolle spielen muss.}) {[#]} 30... Ng4 $1 {[%mdl 2048] Schwarz hat
ausgezeichnetes Figurenspiel. Mit dem Textzug opfert er die Qualität.} 31. Qxb2
Qxe1+ 32. Bf1 d5 {[%csl Gc5,Gd5,Rg1] Die verbundenen schwarzen Bauern sind
sehr stark und nach c5-c4 kommt auch der f8B ins Spiel.} 33. Qb7 (33. Qe2 Qxe2
34. Bxe2 c4 {[%cal Rf8c5,Rc5g1]} 35. Rg3 (35. Rc3 Bc5+ 36. Kf1 (36. Kh1 Nf2+
37. Kg1 Ne4+ $19) 36... Nxh2+ 37. Ke1 Bb4 $19) 35... Bc5+ 36. Kf1 Ne3+ 37. Ke1
Bb4+ 38. Kf2 Nc2 $19) 33... Qe6 (33... Ne5 $6 34. Qxd5 Nxf3+ 35. gxf3 $15) 34.
Qb8 c4 35. a4 d4 36. a5 d3 $19 {[%csl Gc4,Gd3]} 37. Qd8 Qe5 {[%csl Rg1][%cal
Re5h2,Rh2g1,Re5c5,Rc5g1] Jetzt ist der weiße König der Zielpunkt des schwarzen
Spiels.} 38. g3 Qb2 39. Bg2 Qc1+ 40. Bf1 (40. Rf1 Qe3+ 41. Kh1 Nf2+ 42. Kg1 (
42. Rxf2 Qxf2 $19) 42... Nh3+ 43. Kh1 Qg1+ 44. Rxg1 Nf2#) 40... Qd2 (40... d2
$19) 41. Bg2 Qe1+ 42. Bf1 Ne5 (42... d2 $19) 43. Rf6 d2 0-1